| 000 | 01028nam a22002537a 4500 | ||
|---|---|---|---|
| 010 | _aB-082152 | ||
| 020 | _c140.00 | ||
| 035 | _aB-082152 | ||
| 037 | _aCen Lib / Ret | ||
| 040 |
_aDPL _bHN |
||
| 082 |
_a220.21 _bऋग्वेद |
||
| 245 |
_aऋगवेद-संहिता : _bसम्पादक श्रीराम शर्मा _cसरल हिन्दी भावार्थ सहित / |
||
| 246 |
_aRigved sanhita / _bby Saynacharya ; edited by Mannokshmulakbhatt |
||
| 260 |
_aउत्तरांचल _bब्रहवर्चस् _c2004 |
||
| 270 |
_bउत्तरांचल _aशान्तिकुञ्ज, हरिद्वार |
||
| 300 |
_av 2. 428p. ; v 3. 364p _b22cm. |
||
| 500 | _av 2. मण्डल 3,4,5,6 ;v 3. मण्डल 7-8 ; | ||
| 650 | _aऋगवेद | ||
| 650 | _aवेद | ||
| 650 | _aRigveda | ||
| 650 | _aVeda | ||
| 700 | _aशर्मा, श्रीराम | ||
| 942 |
_2ddc _cHN _h220.21 _mऋग्वेद |
||
| 999 |
_c122244 _d122244 |
||